[Event "Bhopal GM Open 2019"]
[Site "Bhopal"]
[Date "2019.12.24"]
[Round "6.14"]
[White "Abdisalimov, Abdimalik"]
[Black "Ilamparthi A R"]
[Result "1-0"]
[WhiteElo "2394"]
[BlackElo "1852"]
[Annotator "TA"]
[PlyCount "81"]
[EventDate "2019.12.21"]
[EventType "swiss"]
[EventCountry "IND"]
[SourceTitle "playchess.com"]
[Source "ChessBase"]
[SourceQuality "1"]

{[%evp 9,95,53,48,9,16,24,18,16,42,34,34,33,64,65,63,57,71,83,83,87,82,67,66,71,91,92,155,114,137,125,163,135,129,128,125,129,129,117,160,152,221,205,284,289,448,431,419,361,491,474,425,367,378,368,507,514,500,488,500,481,828,783,733,715,29984,29985,29985,1754,1736,1164,1735,1748,1716,1727,1728,1707,1668,1672,1607,865,1607,1524,29983,29984,29984,29985,29985,29986]} 1. e4 c5 2. Nc3 g6 3. f4 Bg7 4. Nf3 e6 5. e5 d5 6. b4 $146 {B23: Closed Sicilian: Lines without g3} ({Predecessor:} 6. Nb5 Bf8 7. b4 a6 8. Nd6+ Bxd6 9. exd6 Qxd6 10. Bb2 f6 11. bxc5 Qxf4 12. Bd3 Qb4 {1-0 (29) Martinez Duany,L (2517)-Martinez Fernandez,A (2320) Villava 2019}) 6... cxb4 7. Nb5 Bf8 $1 8. a3 {The position is equal.} b3 9. cxb3 a6 10. Nc3 Bg7 11. d4 Ne7 12. Bd3 O-O 13. O-O Nbc6 14. Be3 Bd7 15. Rc1 Rc8 16. Na4 Nf5 17. Bf2 f6 ({Black should play} 17... Na5) 18. Bxf5 gxf5 19. Bh4 Qe8 20. exf6 Bxf6 21. Bxf6 Rxf6 22. Nc5 Rc7 23. Rf2 Bc8 24. Rfc2 Kh8 (24... Rff7 $16 25. Nd3 Bd7) 25. Qe1 $18 Rg7 {[#]} 26. Nxa6 $1 {[%mdl 512]} Rfg6 (26... Qh5 {was worth a try.}) (26... bxa6 27. Rxc6) 27. Nb4 Qg8 28. Qf1 Ne7 29. Ne5 Rf6 30. Nbd3 b6 31. Ne1 Rf8 32. Qb5 Ng6 33. Nxg6+ Rxg6 34. Qxb6 Rg4 (34... Bd7 $142 35. Rc7 Rd8) 35. Qd6 Bb7 36. Rc7 {And now Qe5+ would win.} Ba8 37. Qe5+ Rg7 38. Nf3 (38. Ra7 $142 Rff7 39. Rxf7 {[%mdl 64] Overworked Piece} Qxf7 40. Rc8+ {[%mdl 64] Double Attack} Qg8 41. Rxg8+ Kxg8 42. Qxe6+ Rf7 43. Nf3) 38... h6 39. Re7 {White wants to mate with Rcc7.} Kh7 40. Rxg7+ Qxg7 {[#]} 41. Qd6 {Played: Rc1-c7} 1-0

[Event "Bhopal GM Open 2019"]
[Site "Bhopal"]
[Date "2019.12.24"]
[Round "6.15"]
[White "Sahu, Rajendra Kumar"]
[Black "Eraschenkov, Denis"]
[Result "0-1"]
[WhiteElo "1837"]
[BlackElo "2386"]
[Annotator "TA"]
[PlyCount "166"]
[EventDate "2019.12.21"]
[EventType "swiss"]
[EventCountry "IND"]
[SourceTitle "playchess.com"]
[Source "ChessBase"]
[SourceQuality "1"]

{[%evp 16,168,21,32,37,27,40,0,16,0,0,0,0,0,0,0,0,0,0,0,24,0,7,-13,0,-7,0,0,0,0,0,0,0,0,0,-5,-4,-3,3,6,6,4,6,3,3,3,3,0,17,22,27,2,10,0,8,-70,-60,-68,-59,-49,-37,-46,-39,-61,-51,-62,-53,-63,-25,-76,-62,-62,-15,-149,-69,-48,0,-58,-48,-62,-53,-165,-166,-202,-208,-273,-251,-258,-259,-276,-240,-247,-254,-353,-344,-404,-400,-401,-383,-379,-379,-393,-393,-29959,-29961,-29961,-371,-29963,-345,-29961,-29962,-29962,-29963,-29961,-29962,-29968,-29969,-29967,-29970,-29970,-29970,-29970,-29971,-29971,-29972,-29974,-29973,-29977,-29976,-29978,-29979,-29980,-29981,-29981,-29982,-29982,-29982,-29982,-29983,-29983,-29984,-29988,-29987,-29987,-29988,-29988,-29988,-29988,-29989,-29993,-29994,-29994,-29995,-29995,-29996]} 1. Nf3 Nf6 2. d4 e6 3. g3 b6 4. Bg2 Bb7 5. O-O c5 6. c4 cxd4 7. Nxd4 Bxg2 8. Kxg2 Qc8 9. b3 a6 {A30: Symmetrical English: Double Fianchetto and Hedgehog} (9... Be7 10. Ba3 Bxa3 11. Nxa3 a6 12. Rc1 O-O 13. Nb1 Nc6 14. Nc3 Ne5 15. Nf3 Qb7 16. Qd6 Nxf3 17. exf3 Rfc8 {½-½ (88) Zhou,J (2636)-Yu,Y (2672) Hefei 2011}) 10. Bb2 Be7 11. Nd2 Qb7+ {The position is equal.} 12. Kg1 O-O 13. e3 d6 14. Qf3 Qxf3 15. N2xf3 Rc8 16. Rac1 Nbd7 17. Rfd1 Rc7 18. Kf1 $146 ({Predecessor:} 18. Ne1 Rac8 19. Nd3 Ne4 {0-1 (39) Hlavac,K-Pahor,A (2011) Pula 2002}) 18... Rac8 19. Ke2 h6 20. h3 Kf8 21. Nd2 d5 22. cxd5 Nxd5 23. Rxc7 Rxc7 24. Nb1 Ke8 25. Rc1 Rxc1 26. Bxc1 e5 27. Nf5 Bf8 28. e4 Nb4 29. a3 Nc6 30. b4 {[%cal Bb3b4,Bb4b5][%mdl 32]} h5 31. Bb2 a5 32. b5 Nd8 33. Nc3 Ne6 34. Nd5 Ng5 35. f3 (35. f4 $1 $11 Nxe4 36. fxe5) 35... Nxh3 $15 36. f4 exf4 37. gxf4 g5 38. fxg5 Nxg5 39. e5 Ne6 40. Kf3 Nec5 41. Bd4 Kd8 (41... Nb3 $5 {[%cal Rb3d4]} 42. Bxb6 Nxb6 43. Nxb6 Bxa3 $17) 42. Ng3 (42. Nd6 $11) 42... h4 43. Nf5 h3 44. Nfe3 (44. Nd6 $11) 44... h2 (44... Ne6 $17 45. Bb2 Ndc5) 45. Kg2 Nd3 46. Nxb6 ({White should play} 46. Nc4 $11) 46... Ne1+ 47. Kh1 Bxa3 {Threatens to win with ...Nf3.} 48. Nbc4 {[#]} (48. Nec4 $15 Nf3 49. Nxd7 Nxd4 50. Nxa3 Kxd7 51. Nc4) 48... Bb4 $1 $19 49. Ng4 a4 {White must now prevent ...Nc2.} 50. Nxh2 Nc2 51. Nf3 a3 52. Nxa3 Bxa3 53. Bc3 Ke7 54. Ba5 Bc5 55. Bc7 Be3 56. Nh4 Ke6 57. Ng2 Kd5 58. Nxe3+ Nxe3 59. Kg1 $2 {[#]} (59. b6 $19 Kc6 60. e6 fxe6 61. Bf4) 59... Nc4 60. Kf2 Kc5 $2 (60... Ndxe5 61. Kg3 Kc5 62. Kf4 Nd7 63. Bd8 Kxb5 64. Be7 Kc6 65. Bh4 Nd6 66. Bg3 Kd5 67. Bh2 Ne5 68. Bg1 Nd3+ 69. Kg5 Ke6 70. Kg4 Nc4 71. Bh2 Nce5+ 72. Kg3 Kf5 73. Bg1 Ke4 74. Kg2 Nf3 75. Bb6 f5 76. Ba7 Nfe1+ 77. Kh3 f4 78. Kg4 Nc2 79. Bg1 Ne5+ 80. Kh3 Nf3 81. Bb6 Ne3 82. Bd8 Ne5 83. Bh4 Nd3 84. Kh2 Nf5 85. Bd8 f3 86. Bb6 Ne3 87. Bxe3 Kxe3 88. Kg3 f2 89. Kg2 Ke2 90. Kh3 f1=Q+ 91. Kg4 Qf4+ 92. Kh5 Qg3 93. Kh6 Ne5 94. Kh5 Qg4+ 95. Kh6 Qg6#) 61. Kf3 $2 (61. b6 $19 Ndxb6 62. Kf3) 61... Kxb5 $2 (61... Ndxe5+ {mates} 62. Kf4 Nd7 63. Bd8 Kxb5 64. Bh4 Kc5 65. Bf2+ Kd5 66. Bg3 Nd6 67. Bh2 Ne5 68. Bg1 Nd3+ 69. Kg5 Ke6 70. Be3 Nc4 71. Bg1 f6+ 72. Kg4 f5+ 73. Kf3 Kd5 74. Bh2 Nce5+ 75. Kg2 Ke4 76. Bg3 Nf4+ 77. Kf1 Nh5 78. Bh2 Ng4 79. Bc7 Ne5 80. Bb6 f4 81. Ke2 Ng3+ 82. Kd1 Nf5 83. Bg1 Nd3 84. Ke2 Nd4+ 85. Kd1 Nf3 86. Bb6 Nd4 87. Bd8 f3 88. Bh4 Nf5 89. Be1 Nxe1 90. Kxe1 Ke3 91. Kd1 f2 92. Kc1 f1=Q+ 93. Kb2 Nd4 94. Ka2 Qd1 95. Kb2 Qb3+ 96. Kc1 Ne2#) 62. Ke4 $2 (62. e6 $19 fxe6 63. Bf4) 62... Kc6 {Black mates.} 63. Bd8 Ncxe5 64. Be7 Nc4 65. Bh4 Nd6+ 66. Kf4 Kd5 67. Be1 Ke6 68. Bf2 Ne5 69. Ba7 f5 70. Bd4 Ndf7 71. Ba7 Ng6+ 72. Ke3 Nfe5 73. Bb8 Kd5 74. Ba7 f4+ 75. Kf2 Ke4 76. Kg2 Nh4+ 77. Kh3 Nf5 78. Kg2 Ne3+ 79. Kg1 f3 80. Bb8 N5g4 81. Bg3 Kd3 82. Kh1 Ke2 83. Kg1 Nf5 0-1

[Event "Bhopal GM Open 2019"]
[Site "Bhopal"]
[Date "2019.12.24"]
[Round "6.16"]
[White "Bharat Kumar Reddy Poluri"]
[Black "Bagwe Gaurang"]
[Result "1-0"]
[WhiteElo "2337"]
[BlackElo "1801"]
[Annotator "TA"]
[PlyCount "37"]
[EventDate "2019.12.21"]
[EventType "swiss"]
[EventCountry "IND"]
[SourceTitle "playchess.com"]
[Source "ChessBase"]
[SourceQuality "1"]

{[%evp 19,71,0,14,0,0,-11,0,0,0,-2,16,-9,46,-17,19,26,22,-13,30,-38,-46,-48,-39,-32,-26,-32,-32,-21,-10,-8,57,25,23,39,139,119,226,18,764,764,764,764,870,809,1047,1047,990,935,3169,2402,29989,29990,29990,29991]} 1. e4 c5 2. Nf3 d6 3. d4 cxd4 4. Nxd4 Nf6 5. Nc3 g6 6. Be2 Bg7 7. O-O O-O 8. Be3 Nc6 9. Nb3 Be6 10. f4 a6 11. Kh1 {B74: Sicilian Dragon: Classical System with 9 Nb3} Rc8 (11... b5 12. Bf3 Rc8 13. Nd5 Bxd5 14. exd5 Na5 15. Qe2 Nc4 16. Bd4 Qd7 17. Rae1 Rfe8 18. Qd1 e5 19. dxe6 fxe6 {1-0 (38) Harikrishna,P (2740)-Mamedov,N (2597) Kocaeli 2015}) 12. Nd4 Nxd4 13. Bxd4 {The position is equal.} Bc4 14. Bd3 $146 ({Predecessor:} 14. Re1 Qa5 15. Bf3 e5 16. Be3 Rfd8 17. Qc1 Be6 18. Re2 Ng4 19. Bxg4 Bxg4 {1-0 (32) Petersen,P (2203)-Jensen,M (2070) Copenhagen 2010}) 14... Qa5 15. Qe2 e5 ({Black should try} 15... Qb4 $11) 16. Be3 (16. Bxc4 $14 exd4 17. Nd5 Nxd5 18. Bxd5) 16... b5 17. fxe5 dxe5 18. a3 Be6 19. Bg5 {Played: Be3-c5} 1-0

[Event "Bhopal GM Open 2019"]
[Site "Bhopal"]
[Date "2019.12.24"]
[Round "6.17"]
[White "Jain Adi"]
[Black "Raahul V S"]
[Result "0-1"]
[WhiteElo "1802"]
[BlackElo "2252"]
[Annotator "TA"]
[PlyCount "125"]
[EventDate "2019.12.21"]
[EventType "swiss"]
[EventCountry "IND"]
[SourceTitle "playchess.com"]
[Source "ChessBase"]
[SourceQuality "1"]

{[%evp 16,125,9,4,26,26,77,12,22,0,0,0,0,-17,0,0,12,-27,-12,-63,0,0,0,0,-2,-26,-24,-26,-23,-25,-18,-18,-18,-18,-18,-18,-21,-19,-17,-17,-17,-16,-15,-17,-19,-21,-14,-25,-19,-21,-20,-35,-31,-24,-12,-12,-9,-18,0,-6,-6,-6,-6,-6,-6,-6,-1,-8,0,-83,-84,-87,-80,-181,-156,-269,-245,-265,-253,-240,-201,-294,-289,-283,-279,-595,-587,-579,-576,-579,-573,-567,-543,-492,-492,-2379,-2071,-2525,-2164,-29976,-29977,-29977,-29978,-29978,-29979,-29978,-29980,-29980,-29981,-29981,-29982,-29980]} 1. Nf3 Nf6 2. b3 g6 3. Bb2 Bg7 4. g3 d6 5. d4 b6 6. Bg2 Bb7 7. O-O O-O 8. Nbd2 c5 9. c4 Nbd7 {A50: Queen's Fianchetto Defence (1 d4 Nf6 2 c4 b6)} (9... e6 10. Qc2 Nc6 11. Rad1 Qe7 12. e4 e5 13. d5 Nd4 14. Bxd4 cxd4 15. Ne1 h5 16. Nd3 h4 17. Rfe1 hxg3 18. hxg3 {1-0 (75) Klukin,K (2225)-Gevorgyan,D (2395) Moscow 2015}) 10. d5 e5 (10... e6 $11 {keeps the balance.}) 11. dxe6 (11. e4 $16) 11... fxe6 $11 {The position is equal.} 12. Qc2 $146 ({Predecessor:} 12. Ng5 Bxg2 13. Kxg2 Qe7 14. Qc2 Ng4 15. Ngf3 Nde5 16. h3 Nxf3 17. Nxf3 {1-0 (30) Nguyen,M-Paing,M (2279) Thailand 2005}) 12... Qe7 13. Rad1 Rad8 14. Bh3 {Black should prevent Ng5.} Bh6 15. Bg2 d5 16. cxd5 exd5 17. Rfe1 (17. e3 $11) 17... Ne4 (17... Ng4 $15) 18. Nxe4 Qxe4 19. Qxe4 dxe4 20. Ne5 Nxe5 21. Bxe5 Bd2 22. Rf1 Ba6 23. Bc7 Rd7 {[#] ...e3 is the strong threat.} 24. Bh3 Rxc7 25. Rxd2 Re7 26. Rfd1 e3 27. fxe3 Rxe3 28. Bg4 Rf7 29. Bf3 {Threatens to win with Bd5.} Kg7 30. Kf2 Re5 31. Kg1 c4 32. bxc4 Bxc4 33. a3 Re3 34. Rc1 Be6 35. a4 Ra3 36. Rd4 Bd7 37. Bc6 Bxc6 38. Rxc6 {[%mdl 4096] Endgame KRR-KRR} Re7 39. Rc2 Rb3 40. Rdc4 Rbe3 41. Kf2 R3e5 42. Rc7 {[#]} (42. e4 $11) 42... Rxe2+ $1 $17 {[%mdl 576] Deflection} 43. Rxe2 Rxc7 {KR-KR} 44. Re6 (44. a5 $17 {was worth a try.}) 44... Kf7 45. Rd6 (45. Re2 $17) 45... Rc2+ $19 46. Kg1 {intending Rd7+.} Ke7 47. Rd4 Ra2 48. Rc4 (48. g4 $142) 48... Kd6 49. h4 a5 50. g4 $2 (50. Kf1) 50... Kd5 51. Rf4 Rb2 52. h5 Rb4 53. Rf6 Rxg4+ 54. Kf2 Kc5 55. hxg6 (55. h6 $142 Rh4 56. Re6) 55... hxg6 56. Ke3 Rxa4 57. Rxg6 Rc4 {Black mates.} 58. Kd3 b5 59. Rg5+ Kb4 60. Rg1 a4 61. Rb1+ Ka5 62. Ra1 Rc8 63. Kd4 {Accuracy: White = 37%, Black = 64%.} 0-1

[Event "Bhopal GM Open 2019"]
[Site "Bhopal"]
[Date "2019.12.25"]
[Round "7.1"]
[White "Yakubboev, Nodirbek"]
[Black "Bogdanovich, Stanislav"]
[Result "1-0"]
[WhiteElo "2592"]
[BlackElo "2562"]
[Annotator "TA"]
[PlyCount "35"]
[EventDate "2019.12.21"]
[EventType "swiss"]
[EventCountry "IND"]
[SourceTitle "playchess.com"]
[Source "ChessBase"]
[SourceQuality "1"]

{[%evp 19,35,23,20,19,17,27,25,26,177,182,199,200,193,203,402,405,307,276]} 1. c4 e6 2. Nf3 d5 3. d4 dxc4 4. e3 c5 5. Bxc4 Nf6 6. O-O Nc6 7. Qe2 a6 8. Rd1 b5 9. dxc5 Qc7 10. Bd3 Nb4 11. a4 {D28: Queen's Gambit Accepted: Classical main line: 7 Qe2 with early ...Nc6} bxa4 12. Rxa4 (12. Nc3 Nxd3 13. Rxd3 Bd7 14. Qc2 Qxc5 15. Rxa4 Be7 16. e4 O-O 17. Be3 Bxa4 18. Qxa4 Qb4 {0-1 (35) Sokolov,I (2589)-Van Foreest,J (2629) Amstelveen 2017}) 12... Bxc5 13. Bb5+ {White has an edge.} Ke7 $2 {[#]} (13... Bd7 $11 {and Black has nothing to worry.}) 14. Bd2 $1 $18 Nbd5 $146 ({Predecessor:} 14... Nfd5 15. Rc1 Qb6 16. e4 axb5 17. Rxa8 Nc7 18. Ra3 Nba6 19. Ba5 {1-0 (19) Miniboeck,G (2334)-Zoebisch,H (2203) Vienna 2003}) 15. Rc1 {Rac4 is the strong threat.} Qb6 16. e4 Rb8 $2 {[#]} (16... Qxb5 17. Qxb5 axb5 18. Rxa8 Nxe4 19. Bg5+ f6) 17. Rac4 $1 {[%cal Rc4c5]} Bxf2+ 18. Kh1 {Accuracy: White = 100%, Black = 32%.} 1-0

[Event "Bhopal GM Open 2019"]
[Site "Bhopal"]
[Date "2019.12.25"]
[Round "7.2"]
[White "Tukhaev, Adam"]
[Black "Rios, Cristhian Camilo"]
[Result "1/2-1/2"]
[WhiteElo "2552"]
[BlackElo "2505"]
[Annotator "TA"]
[PlyCount "108"]
[EventDate "2019.12.21"]
[EventType "swiss"]
[EventCountry "IND"]
[SourceTitle "playchess.com"]
[Source "ChessBase"]
[SourceQuality "1"]

{[%evp 11,108,29,30,34,36,40,35,18,34,29,49,0,48,43,39,34,41,36,38,41,47,43,144,120,172,164,165,162,206,216,247,62,41,41,134,130,264,252,274,277,247,248,492,468,451,287,597,222,216,157,266,257,521,521,506,440,503,389,285,266,440,430,424,218,218,111,404,0,206,0,385,286,286,260,260,284,299,299,265,0,0,0,0,0,0,0,0,0,0,0,0,0,0,0,0,0,0,0,0]} 1. e4 c5 2. Nf3 Nc6 3. Nc3 Nf6 4. Bb5 Qc7 5. O-O Nd4 6. Re1 a6 7. Bf1 {B30: Sicilian: 2...Nc6 3 Bb5, lines without ...g6} e5 (7... Ng4 8. e5 Nxf3+ 9. Qxf3 Nxe5 10. Qh5 Ng6 11. Nd5 Qd6 12. d4 cxd4 13. Bd2 e6 14. Ba5 b6 15. Bxb6 {1-0 (28) Harikrishna,P (2730)-Duda,J (2731) Prague 2019}) 8. Nd5 Nxd5 9. exd5 {White is slightly better.} d6 10. b4 Be7 $146 ({Predecessor:} 10... f6 11. bxc5 dxc5 12. Nxd4 cxd4 13. c3 dxc3 14. dxc3 Qxc3 {1-0 (29) Pantazi,A (2175)-Vecek,M (2292) ICCF email 2012}) 11. Bb2 (11. bxc5 $5 {[%cal Rf3d4]} Qxc5 12. c3 Nxf3+ 13. Qxf3 $14) 11... b6 12. Nxd4 cxd4 13. c3 $36 {[%mdl 2048] White is more active.} dxc3 14. Rc1 O-O 15. Rxc3 Qb7 16. d4 f6 (16... e4 $14) 17. Qc2 Bd8 (17... Ra7 $16) 18. Bd3 $18 h6 19. Rc6 Bd7 20. Rxd6 (20. dxe5 $6 dxe5 21. Qb3 Kh8 $16) 20... Be7 {[#]} 21. dxe5 $2 (21. Rc6 $1 $18 {[%cal Rc6c7][%mdl 512] Strongly threatening Rc7.} Bxc6 22. dxc6) 21... Bxd6 $14 22. exd6 Rac8 ({Black should try} 22... Rfe8 $14 23. Re7 Bb5) 23. Qd2 $1 $16 Rfe8 (23... Rce8 $16) 24. Re7 $1 $18 Rxe7 25. dxe7 Kf7 26. d6 Be6 $2 (26... Qc6) 27. h4 Qc6 28. Bxa6 Ra8 $2 (28... b5 {is a better chance.} 29. Bxc8 Bxc8) 29. b5 $2 (29. Be2 Qd5 30. Qxd5 Bxd5 31. Bh5+ Ke6 32. e8=Q+ Rxe8 33. Bxe8 Kxd6 34. Bd4) 29... Qd5 30. Qb4 Ke8 (30... g5 $16 31. Qd4 Qxd4 32. Bxd4 Rb8 33. hxg5 hxg5) 31. a4 $1 Kd7 $2 (31... Qd1+ 32. Kh2 Qg4 33. Qxg4 Bxg4) 32. Ba3 {And now Qc3 would win.} Rb8 33. Qc3 {Qc7+ would kill now.} Qc4 34. Qf3 {Threatens to win with Bb7.} Qd5 {Black wants to play ...Qxf3.} 35. Qe2 Qc4 $2 (35... Qb3) 36. Qe3 Qb3 37. Qc1 (37. Qxb3 $142 {Threatening mate with Qc2.} Bxb3 38. a5 $1 {[%mdl 512]}) 37... Qc4 38. Qd1 (38. Qxc4 $1 $18 Bxc4 39. Kh2) 38... Qb3 $2 {[%mdl 8192]} (38... Qc3 $16 39. Bc1 g5) 39. Qc1 (39. Qxb3 $142 $1 {Intending Qc2 and mate.} Bxb3 40. a5 $1 {[%mdl 512]}) 39... Qc4 {[#]} 40. Qe3 $2 (40. Qxc4 $1 Bxc4 41. Kh2) 40... Qb3 $1 41. Qe4 {[%csl Gb5][%cal Re4c6]} Qd1+ 42. Kh2 {[%csl Gb5][%cal Re4c6]} Qd5 43. Qg6 Bf7 44. Qg4+ ({Don't do} 44. Qxg7 $6 Rg8 $18) 44... Qe6 45. Qxg7 $2 ({White should play} 45. Qf4 $18) 45... Rg8 $11 {The position is equal.} 46. Qxh6 {Black must now prevent Bb7.} Qe5+ $1 47. g3 Rxg3 $1 {( -> ...Rg6+)} 48. Bc8+ {[%mdl 64] Decoy} Kxc8 49. e8=R+ Bxe8 50. fxg3 Qe2+ 51. Kg1 {White wants to mate with Qc1+.} Qe1+ 52. Kg2 Qe2+ 53. Kg1 {White threatens Qc1+ and mate.} Qe1+ 54. Kg2 Qe2+ {Accuracy: White = 59%, Black = 50%.} 1/2-1/2

[Event "Bhopal GM Open 2019"]
[Site "Bhopal"]
[Date "2019.12.25"]
[Round "7.3"]
[White "Venkatesh, M.R."]
[Black "Manik, Mikulas"]
[Result "1/2-1/2"]
[WhiteElo "2491"]
[BlackElo "2379"]
[Annotator "TA"]
[PlyCount "60"]
[EventDate "2019.12.21"]
[EventType "swiss"]
[EventCountry "IND"]
[SourceTitle "playchess.com"]
[Source "ChessBase"]
[SourceQuality "1"]

{[%evp 12,60,39,10,12,6,16,24,15,13,35,28,42,36,36,28,34,34,34,14,54,32,37,40,34,0,54,31,26,0,0,-6,-35,-56,-37,-49,-21,-52,0,0,0,0,0,-62,0,0,0,0,0,0,0]} 1. e4 c5 2. Nf3 d6 3. Bb5+ Bd7 4. Bxd7+ Nxd7 5. O-O Ngf6 6. Qe2 e6 7. c3 Be7 {B52: Sicilian: Moscow Variation with 3...Bd7} 8. Rd1 (8. d4 O-O 9. e5 dxe5 10. dxe5 Nd5 11. c4 Nb4 12. Nc3 Nc6 13. Rd1 a6 14. Bf4 Qc7 15. h4 Rfd8 16. h5 h6 17. b3 Nf8 18. Ne4 Rxd1+ 19. Rxd1 {½-½ (29) Meier,G (2628)-Aronian,L (2763) Karlsruhe/Baden Baden 2019}) 8... Rc8 9. d4 cxd4 {White has an edge.} 10. cxd4 d5 11. e5 $1 {[%cal Re5f6]} Ne4 12. Ne1 Qb6 13. Be3 {Strongly threatening f3.} f6 14. f3 Ng5 15. Nd3 $146 ({Predecessor:} 15. Bxg5 fxg5 {½-½ (29) Li,W (1986)-Papneja,A (1683) Mississauga 2018}) 15... O-O 16. Nc3 fxe5 17. dxe5 Qa6 18. a4 Nc5 (18... Nf7 $11) 19. Bxc5 Bxc5+ 20. Kh1 (20. Nxc5 {keeps more tension.} Rxc5 21. Qxa6 bxa6 22. Ne2 Rb8 23. Rac1) 20... Be7 21. Rdc1 Nf7 22. Rc2 Rc6 23. f4 Nh6 24. Nb5 Rfc8 (24... Nf5 $15) 25. Rxc6 $11 bxc6 26. Nd6 Rd8 27. Rc1 (27. Qc2 $11 Qb6 28. a5) 27... Bxd6 ({Black should try} 27... Qxa4 $15 28. Nb7 Rb8) 28. exd6 {The position is equal.} Rxd6 29. Qe5 Nf7 30. Qd4 h6 {Accuracy: White = 56%, Black = 61%.} 1/2-1/2

[Event "Bhopal GM Open 2019"]
[Site "Bhopal"]
[Date "2019.12.25"]
[Round "7.4"]
[White "Mirzoev, Azer"]
[Black "Nigmatov, Ortik"]
[Result "0-1"]
[WhiteElo "2457"]
[BlackElo "2474"]
[Annotator "TA"]
[PlyCount "144"]
[EventDate "2019.12.21"]
[EventType "swiss"]
[EventCountry "IND"]
[SourceTitle "playchess.com"]
[Source "ChessBase"]
[SourceQuality "1"]

{[%evp 16,144,16,0,8,0,0,-47,-23,-43,-33,-35,-40,-37,-37,-29,-9,-14,-14,-18,-24,-10,0,-61,-64,-77,-70,-67,-75,-68,-47,-52,-40,-61,-64,-62,-57,-66,-62,-41,-45,-111,-112,-151,-141,-143,-25,-27,0,-146,-150,-134,-142,-144,-149,-154,-156,-152,-87,-96,-51,-47,-47,-40,-40,-42,-44,-48,-23,-23,-9,-42,0,-104,-103,-344,-129,-129,-104,-103,-29,-29,-29,-31,-29,-29,-29,-29,-29,-29,-14,-14,-14,-14,-15,-15,-8,-15,-15,-580,-576,-576,-576,-122,-122,-29967,-29969,-29969,-29970,-29973,-29974,-29974,-29975,-29975,-29976,-29976,-29976,-29976,-29977,-29977,-29978,-29978,-29978,-29979,-29980,-29989,-29990,-29990,-29991,-29992,-29993]} 1. d4 Nf6 2. Nf3 g6 3. g3 Bg7 4. Bg2 O-O 5. O-O d6 6. b3 c5 7. Bb2 cxd4 8. Nxd4 d5 9. Na3 e5 {A49: 1 d4 Nf6 2 Nf3 g6 3 g3: Anti-King's Indian systems} 10. Nf3 Qe7 $146 ({Predecessor:} 10... e4 11. Nd4 e3 12. f3 Re8 13. c4 h5 14. Ndc2 h4 15. cxd5 Qxd5 16. Qxd5 Nxd5 17. Bxg7 Kxg7 {1-0 (56) Burmakin,V (2627)-Mamedov,N (2614) Balaguer 2009}) 11. e3 Nc6 {Black is slightly better.} 12. c4 Rd8 13. Qe2 e4 14. Nd4 $1 Bg4 15. Nxc6 $1 bxc6 (15... Bxe2 $2 {too greedy.} 16. Nxe7+ Kf8 17. Bxf6 $18) 16. Qc2 Nd7 17. cxd5 Bxb2 18. Qxb2 Ne5 19. d6 (19. dxc6 $11 Nf3+ 20. Bxf3 Bxf3 21. h4) 19... Rxd6 $15 20. Nc4 $1 {[%cal Rc4e5]} Nxc4 21. bxc4 Rad8 22. Qb4 Bf3 23. c5 Rd5 $36 {[%mdl 2048] Black has good play.} 24. Bxf3 exf3 25. Rac1 Qe6 26. Qh4 R8d7 {Hoping for ...Rh5.} 27. Qf4 Rf5 28. Qb8+ (28. Qc4 $15) 28... Kg7 $17 29. Qb2+ f6 30. Qb3 Rdd5 (30... Rfd5 $17 31. e4 Qxe4) 31. Qb7+ $1 $11 Rd7 ({Better is} 31... Qd7 $11 32. Rb1 Rfe5) 32. Qb3 $1 $17 {[%cal Rb3e6]} Rfd5 33. e4 Qxe4 34. Rce1 Qf5 35. h4 Rd3 {( -> ...Qh3)} 36. Qe6 Qxe6 ({Black should try} 36... Qxc5 37. Qe8 Qf8) 37. Rxe6 Rd1 38. Rxd1 Rxd1+ $15 {[%mdl 4096] Endgame KR-KR} 39. Kh2 Rf1 40. g4 Rxf2+ 41. Kg3 Rxa2 (41... Re2 {feels hotter.} 42. Rxc6 f2 43. Kg2 Rxa2 44. Rc7+ Kh6) 42. Kxf3 Ra3+ 43. Kf4 Rh3 44. Re7+ (44. Rxc6 $11 Rxh4 45. Rc7+ Kf8 46. Rxa7) 44... Kg8 $17 45. Rxa7 $2 (45. Re6 $17 {was worth a try.}) 45... Rxh4 $2 (45... h5 $1 $19 {and Black stays clearly on top.} 46. gxh5 Rxh4+ {[%mdl 64] Double Attack} 47. Ke3 Rxh5 48. Ra8+ Kf7) 46. Kg3 Rh1 {Strongly threatening ...Rc1.} 47. Rc7 {[#]} Rc1 (47... h5 $1 $17 {...Rg1+ is the strong threat.} 48. gxh5 Rxh5 49. Rxc6 Kf7) 48. Rxc6 $11 Kg7 49. Kh3 Rc4 50. Kg3 $1 Kh6 51. Rxf6 {[#]} Kg5 $1 {[%mdl 512]} 52. Rf7 Rxg4+ 53. Kf3 h5 {And now ...Rc4 would win.} 54. c6 Rc4 55. c7 h4 56. Rd7 Rc3+ 57. Kg2 $2 {[%mdl 8192]} (57. Ke4 $11) 57... Kg4 $19 58. Rd4+ Kh5 59. Rd7 g5 {White must now prevent ...h3+.} 60. Kh2 $2 {[%mdl 8192]} (60. Kf2 $17) 60... Rc2+ {Black mates.} 61. Kg1 h3 62. Rd3 Kh4 63. Rd4+ g4 64. Ra4 Rxc7 65. Rb4 Rc1+ 66. Kh2 Rc2+ 67. Kg1 Re2 68. Ra4 Kg3 {[%cal Re2e1]} 69. Ra3+ {[#]} Kf4 $1 70. Ra4+ Kf3 71. Ra3+ Re3 72. Ra1 g3 {Accuracy: White = 51%, Black = 61%.} 0-1